<?xml version="1.0" encoding="UTF-8"?>
<record
    xmlns:xsi="http://www.w3.org/2001/XMLSchema-instance"
    xsi:schemaLocation="http://www.loc.gov/MARC21/slim http://www.loc.gov/standards/marcxml/schema/MARC21slim.xsd"
    xmlns="http://www.loc.gov/MARC21/slim">

  <leader>00503nam a2200169   4500</leader>
  <controlfield tag="003">SEACOMMC</controlfield>
  <controlfield tag="005">20250429150741.0</controlfield>
  <controlfield tag="008">241230b        |||||||| |||| 00| 0 eng d</controlfield>
  <datafield tag="020" ind1=" " ind2=" ">
    <subfield code="a">81-259-1238-X</subfield>
    <subfield code="c">Rs.240.00</subfield>
  </datafield>
  <datafield tag="040" ind1=" " ind2=" ">
    <subfield code="a">SEACOMMC</subfield>
  </datafield>
  <datafield tag="082" ind1=" " ind2=" ">
    <subfield code="a">004.65</subfield>
    <subfield code="b">R 149</subfield>
  </datafield>
  <datafield tag="100" ind1=" " ind2=" ">
    <subfield code="a"> Rajesh, R S</subfield>
  </datafield>
  <datafield tag="245" ind1="1" ind2=" ">
    <subfield code="a">Computer Networks : Fundamentals and Applications</subfield>
    <subfield code="c"> R S Rajesh, K S warakumer [and] R Balasubramanian</subfield>
  </datafield>
  <datafield tag="260" ind1=" " ind2=" ">
    <subfield code="a">New Delhi </subfield>
    <subfield code="b"> Vikas Publishing House</subfield>
    <subfield code="c"> 2003</subfield>
  </datafield>
  <datafield tag="650" ind1=" " ind2=" ">
    <subfield code="a"> Computer</subfield>
  </datafield>
  <datafield tag="942" ind1=" " ind2=" ">
    <subfield code="c">BOOK</subfield>
  </datafield>
  <datafield tag="952" ind1=" " ind2=" ">
    <subfield code="0">0</subfield>
    <subfield code="1">0</subfield>
    <subfield code="2">ddc</subfield>
    <subfield code="4">0</subfield>
    <subfield code="7">0</subfield>
    <subfield code="a">SEACOMMC</subfield>
    <subfield code="b">SEACOMMC</subfield>
    <subfield code="c">REF</subfield>
    <subfield code="d">2007-12-19</subfield>
    <subfield code="l">0</subfield>
    <subfield code="o">004.65 R 149</subfield>
    <subfield code="p">M-1464</subfield>
    <subfield code="r">2024-12-30 15:27:52</subfield>
    <subfield code="w">2024-12-30</subfield>
    <subfield code="y">BOOK</subfield>
  </datafield>
  <datafield tag="952" ind1=" " ind2=" ">
    <subfield code="0">0</subfield>
    <subfield code="1">0</subfield>
    <subfield code="2">ddc</subfield>
    <subfield code="4">0</subfield>
    <subfield code="7">0</subfield>
    <subfield code="a">SEACOMMC</subfield>
    <subfield code="b">SEACOMMC</subfield>
    <subfield code="d">2007-12-19</subfield>
    <subfield code="l">0</subfield>
    <subfield code="o">004.65 R 149</subfield>
    <subfield code="p">M-1465</subfield>
    <subfield code="r">2024-12-30 15:28:31</subfield>
    <subfield code="t">1</subfield>
    <subfield code="w">2024-12-30</subfield>
    <subfield code="y">BOOK</subfield>
  </datafield>
  <datafield tag="952" ind1=" " ind2=" ">
    <subfield code="0">0</subfield>
    <subfield code="1">0</subfield>
    <subfield code="2">ddc</subfield>
    <subfield code="4">0</subfield>
    <subfield code="7">0</subfield>
    <subfield code="a">SEACOMMC</subfield>
    <subfield code="b">SEACOMMC</subfield>
    <subfield code="d">2007-12-19</subfield>
    <subfield code="l">0</subfield>
    <subfield code="o">004.65 R 149</subfield>
    <subfield code="p">M-1466</subfield>
    <subfield code="r">2024-12-30 15:28:31</subfield>
    <subfield code="t">2</subfield>
    <subfield code="w">2024-12-30</subfield>
    <subfield code="y">BOOK</subfield>
  </datafield>
  <datafield tag="952" ind1=" " ind2=" ">
    <subfield code="0">0</subfield>
    <subfield code="1">0</subfield>
    <subfield code="2">ddc</subfield>
    <subfield code="4">0</subfield>
    <subfield code="7">0</subfield>
    <subfield code="a">SEACOMMC</subfield>
    <subfield code="b">SEACOMMC</subfield>
    <subfield code="d">2007-12-19</subfield>
    <subfield code="l">0</subfield>
    <subfield code="o">004.65 R 149</subfield>
    <subfield code="p">M-1467</subfield>
    <subfield code="r">2024-12-30 15:28:31</subfield>
    <subfield code="t">3</subfield>
    <subfield code="w">2024-12-30</subfield>
    <subfield code="y">BOOK</subfield>
  </datafield>
  <datafield tag="952" ind1=" " ind2=" ">
    <subfield code="0">0</subfield>
    <subfield code="1">0</subfield>
    <subfield code="2">ddc</subfield>
    <subfield code="4">0</subfield>
    <subfield code="7">0</subfield>
    <subfield code="a">SEACOMMC</subfield>
    <subfield code="b">SEACOMMC</subfield>
    <subfield code="d">2007-12-19</subfield>
    <subfield code="l">0</subfield>
    <subfield code="o">004.65 R 149</subfield>
    <subfield code="p">M-1468</subfield>
    <subfield code="r">2024-12-30 15:28:31</subfield>
    <subfield code="t">4</subfield>
    <subfield code="w">2024-12-30</subfield>
    <subfield code="y">BOOK</subfield>
  </datafield>
  <datafield tag="952" ind1=" " ind2=" ">
    <subfield code="0">0</subfield>
    <subfield code="1">0</subfield>
    <subfield code="2">ddc</subfield>
    <subfield code="4">0</subfield>
    <subfield code="7">0</subfield>
    <subfield code="a">SEACOMMC</subfield>
    <subfield code="b">SEACOMMC</subfield>
    <subfield code="d">2007-12-19</subfield>
    <subfield code="l">0</subfield>
    <subfield code="o">004.65 R 149</subfield>
    <subfield code="p">M-1469</subfield>
    <subfield code="r">2024-12-30 15:28:31</subfield>
    <subfield code="t">5</subfield>
    <subfield code="w">2024-12-30</subfield>
    <subfield code="y">BOOK</subfield>
  </datafield>
  <datafield tag="999" ind1=" " ind2=" ">
    <subfield code="c">958</subfield>
    <subfield code="d">958</subfield>
  </datafield>
</record>
